000 00584 a2200157 4500
001 123652
020 _a9788131906859
040 _cEscola Canadense de Niteroi
090 _aNAT
100 _aNath, Gita
245 1 0 _aBill and the Fish
300 _c6 x 0.1 x 8.4
362 0 _a2009
520 _aThis series offers well-written rhyming and interesting stories to help the child to get a better understanding of the link between letters and the sounds they represent. The books are developed for different levels keeping the child's mental level in consideration.
942 _cBK
999 _c123652
_d123652